000 00670nam a22002417a 4500
003 UA-OsUOA
001 24353
007 ta
008 20040216b un ||||| |||| 00| 0 ukr d
090 _a329(477)
_bН30
942 _cBK
040 _aUA-OsUOA
_bukr
_cUA-OsUOA
_dUA-OsUOA
245 _aНародний Рух України
_cред. Є. Жеребецький, Н. Мурченко
300 _a261 с.
955 _a1
041 _aukr
080 _a329(477)
020 _a5-7707-4901-6
260 _aК.
_bСекретаріат Народного Руху України
_c1993
044 _aUA
650 7 _a32 Політика
_2UDC
999 _c310623
_d310623